00775nam a22002417a 450000500170000001000290001702000230004602000260006903500230009503500130011803700160013103700090014708200110015610000190016724500740018626000360026026000420029627000620033827000600040030000210046065000200048165000320050120180922131945.0 aB-168169 B-706487 c150.00a8188661252 c175.00a9780143103295 aB-168169, B-168173 aB-706487 bCen Lib/Ret bGift aNbMUR aMurthy, Sudha  aMahashweta /cby Sudha Murthy; translated from Kannada by Sudha Murty aChennaibEast-West Books c2005 aNew DelhibPenguin Random Housec2007 bChennaia571, poonammalle high road, aminjikarai e600029 bNew Delhia11 Community Centre, Panchsheel Parke110017 a154p.c20cm(pbk) aKannada fiction aHistorical fiction, Kannada